000 01672nam0a2200361 4500
001 RU\NLR\bibl\1399642
005 20260510041828.0
021 _aRU
_b2009-45520
_92768
035 _a(nilc)RSL-KNO-004337623
035 _a(NLR Aleph) 001391654
090 _a1166050
_c1166051
100 _a20090529d2008 |||y0rusy50 ca
101 0 _arus
102 _aRU
105 _aa |||||||||
200 1 _aРеволюция: историко-философское осмысление
_eучебное пособие для студентов всех специальностей и всех форм обучения
_fО. Ф. Гордеев
_gФедеральное агентство по образованию, ГОУ ВПО "Сибирский гос. технологический ун-т"
210 _aКрасноярск
_cСибирский государственный технологический университет
_d2008
215 _a155 с.
_cил., портр.
_d20
320 _aБиблиогр.: с. 110-111 (20 назв.) и в подстроч. прим.
606 _aРеволюции
_jУчебные издания для высших учебных заведений
_xФилософские вопросы
_92316050
_3RU\NLR\auth\661385841
610 0 _aреволюция
686 _aС508,0
_2rubbk
686 _aЮ6я73
686 _aЮ252
_bТ08я73
700 1 _aГордеев
_bО. Ф.
_gОлег Фатахович
_4070
801 0 _aRU
_bРКП
_c20090529
_grcr
801 1 _aRU
_bРГБ
_c20090529
801 2 _aRU
_bNLR
_c20090810
_grcr
830 _aпо кн
942 _cBOOK
980 _aNB
980 _aNBR